En torno a la traducción: Teoría. Crítica. Historia
Guardat en:
| Autor principal: | |
|---|---|
| Format: | Llibre |
| Idioma: | espanyol |
| Publicat: |
Madrid
Gredos
1983
|
| Col·lecció: | Estudios y Ensayos, 328
|
| Matèries: | |
| Etiquetes: |
Afegir etiqueta
Sense etiquetes, Sigues el primer a etiquetar aquest registre!
|
MARC
| LEADER | 00000cam a2200000 a 4500 | ||
|---|---|---|---|
| 001 | UCF6880 | ||
| 003 | CL-VaPUC | ||
| 008 | 130524e19830000SP |||||||||||||||||spa|d | ||
| 020 | |a 8424908953 | ||
| 082 | 0 | 4 | |a 418.02 |b GAR |2 21 |
| 100 | |a García Yebra, Valentín |e author |9 592146 | ||
| 245 | 1 | 0 | |a En torno a la traducción: Teoría. Crítica. Historia |
| 300 | |a 382 p | ||
| 942 | |c BK | ||
| 945 | |d 20130524 00:00:00 |a dcastane | ||
| 260 | |a Madrid |b Gredos |c 1983 | ||
| 650 | 0 | |a Traducción e interpretación |9 315998 | |
| 650 | 0 | |a Lexicografía |9 321487 | |
| 583 | |a last modification |c 20130524 08:39:00 |k Rodrigo Vera | ||
| 490 | 0 | |a Estudios y Ensayos, 328 | |
| 999 | |c 351906 |d 351904 | ||
| 952 | |0 0 |1 0 |4 0 |6 418_020000000000000_GAR_1983 |7 0 |8 A |9 456324 |a BIBEDU |b BIBEDU |d 2019-11-22 |i 497431K |o 418.02 GAR 1983 |p 497431K |r 2024-05-28 |w 2019-11-22 |y BK |k LIT | ||